Science Quiz

Random Science or Letter Quiz
Score 0/14 Timer 01:00
4 Plays Today
An element beginning with... Element % Correct
BBoron
82.5%
CCarbon
81.2%
OOxygen
80.8%
XXenon
77.7%
HHydrogen
76.9%
AArgon
68.1%
RRadon
63.8%
An element beginning with... Element % Correct
KKrypton
62.7%
NNeon
62.5%
GGold
55.7%
LLead
43.1%
CCopper
41.1%
CCobalt
37.1%
OOganesson
14.1%
Remove Ads.
Support Sporcle.
Get the best of Sporcle when you Go Orange. This ad-free experience offers more features, more stats, and more fun while also helping to support Sporcle. Thank you for becoming a member.

You're not logged in!

Compare scores with friends on all Sporcle quizzes.
OR
Log In

Show Comments

Extras

Top Quizzes Today


Score Distribution

Your Account Isn't Verified!

In order to create a playlist on Sporcle, you need to verify the email address you used during registration. Go to your Sporcle Settings to finish the process.

Report this User

Report this user for behavior that violates our Community Guidelines.

Details: